00385nam a2200157 a 4500008004100000050001500041100001600056245002800072246001300100260003400113300001000147350000900157650001400166650003300180700001400213120416s1969 ||||||||||||||||| || u aHC 502 Eco aLury, D . A14aThe economics of Africa aP Robson aLondonbAllen and Unwinc1969 a528p. a0.00 0aECONOMICS 0aECONOMIC DEVELOPMENT--AFRICA aRobson, P